Rimas y leyendas / (Registro nro. 3601)

Detalles MARC
000 -LEADER
fixed length control field 00727nam a2200229Ia 4500
003 - CONTROL NUMBER IDENTIFIER
control field OSt
005 - DATE AND TIME OF LATEST TRANSACTION
control field 20200812121232.0
008 - FIXED-LENGTH DATA ELEMENTS--GENERAL INFORMATION
fixed length control field 191128s1973 sp er 000 p spa d
020 ## - INTERNATIONAL STANDARD BOOK NUMBER
International Standard Book Number 8402033466
040 ## - CATALOGING SOURCE
Original cataloging agency CO-JMCR
Transcribing agency CO-JMCR
041 ## - LANGUAGE CODE
Language code of text/sound track or separate title spa
082 ## - DEWEY DECIMAL CLASSIFICATION NUMBER
Classification number P /
Item number BECr
100 1# - MAIN ENTRY--PERSONAL NAME
Personal name Bécquer, Gustavo Adolfo,
Dates associated with a name 1836-1870
Relator term autor
9 (RLIN) 6285
245 10 - TITLE STATEMENT
Title Rimas y leyendas /
Statement of responsibility, etc. Gustavo Adolfo Bécquer
250 ## - EDITION STATEMENT
Edition statement Primera edición
260 ## - PUBLICATION, DISTRIBUTION, ETC.
Place of publication, distribution, etc. Barcelona :
Name of publisher, distributor, etc. Bruguera,
Date of publication, distribution, etc. 1973
300 ## - PHYSICAL DESCRIPTION
Extent 420 páginas ;
Dimensions 19 cm.
490 0# - SERIES STATEMENT
Series statement Obras inmortales
505 ## - FORMATTED CONTENTS NOTE
Formatted contents note Biografía -- La poesía -- La prosa -- Textos -- Rimas -- Poesías atribuidas -- Primeras poesías -- Leyendas
650 14 - SUBJECT ADDED ENTRY--TOPICAL TERM
Topical term or geographic name entry element Poesía española
9 (RLIN) 381
942 ## - ADDED ENTRY ELEMENTS (KOHA)
Source of classification or shelving scheme Dewey Decimal Classification
Koha item type Books
Existencias
Withdrawn status Lost status Source of classification or shelving scheme Damaged status Not for loan Collection code Home library Current library Date acquired Source of acquisition Total Checkouts Full call number Barcode Date last seen Date last checked out Copy number Koha item type
    Dewey Decimal Classification     Fiction Biblioteca Pública José María del Castillo y Rada Biblioteca Pública José María del Castillo y Rada 11/28/2019 Donación 3 P / BECr 201807471 01/30/2025 01/29/2025 Ej.1 Books